000 00681cam a2200229 a 4500
001 000025711
005 20200930024006.0
008 760831s1969 ve 000 | spa d
082 _axxx
_bR621h
100 1 _aRivera Oviedo., J. E. ,
_952477
245 1 0 _aHistoria e ideología de los demócratas cristianos venezolanos /
_cJ.E. Rivera Oviedo.
260 _aCaracas :
_b[s. n.] ,
_c1969.
300 _a248, :
_bil. ;
_c23 cm.
490 1 _aHistoria
504 _aIncluye referencia bibliográficas
500 _aIncluye notas al pie de páginas
830 0 _aHistoria
_92122
830 0 _aIdeología
_952478
430 _aIdeología
049 _aBNGR
999 _c25203
_d25203
040 _aDO-SdBNP